Globalization : (Record no. 3119)

000 -LEADER
fixed length control field 01348cam a2200325 a 4500
001 - CONTROL NUMBER
control field 16051619
003 - CONTROL NUMBER IDENTIFIER
control field OSt
005 - DATE AND TIME OF LATEST TRANSACTION
control field 20180117085959.0
008 - FIXED-LENGTH DATA ELEMENTS--GENERAL INFORMATION
fixed length control field 100112s2011 mau b 001 0 eng
010 ## - LIBRARY OF CONGRESS CONTROL NUMBER
LC control number 2010001415
020 ## - INTERNATIONAL STANDARD BOOK NUMBER
International Standard Book Number 9780205779703 (alk. paper)
020 ## - INTERNATIONAL STANDARD BOOK NUMBER
International Standard Book Number 0205779700 (alk. paper)
035 ## - SYSTEM CONTROL NUMBER
System control number (OCoLC)ocn462910013
040 ## - CATALOGING SOURCE
Original cataloging agency DLC
Transcribing agency DLC
Modifying agency YDX
-- YDXCP
-- CVM
-- CDX
-- DLC
050 00 - LIBRARY OF CONGRESS CALL NUMBER
Classification number JZ1318
Item number .H427 2011
082 00 - DEWEY DECIMAL CLASSIFICATION NUMBER
Classification number 303.48/2
Edition number 22
100 1# - MAIN ENTRY--PERSONAL NAME
Personal name Hebron, Lui.
245 10 - TITLE STATEMENT
Title Globalization :
Remainder of title debunking the myths /
Statement of responsibility, etc. Lui Hebron, John F. Stack, Jr.
250 ## - EDITION STATEMENT
Edition statement 2nd ed.
260 ## - PUBLICATION, DISTRIBUTION, ETC.
Place of publication, distribution, etc. Boston :
Name of publisher, distributor, etc. Longman,
Date of publication, distribution, etc. c2011.
300 ## - PHYSICAL DESCRIPTION
Extent xvi, 157 p. ;
Dimensions 23 cm.
504 ## - BIBLIOGRAPHY, ETC. NOTE
Bibliography, etc. note Includes bibliographical references and index.
505 0# - FORMATTED CONTENTS NOTE
Formatted contents note Globalization in the Twenty-First Century -- Conceptual perspectives on globalization -- Market integration -- Growth and development -- Democratization -- Sovereignty -- Culture -- The environment -- Globalization for all?
650 #0 - SUBJECT ADDED ENTRY--TOPICAL TERM
Topical term or geographic name entry element Globalization.
700 1# - ADDED ENTRY--PERSONAL NAME
Personal name Stack, John F.
906 ## - LOCAL DATA ELEMENT F, LDF (RLIN)
a 7
b cbc
c orignew
d 1
e ecip
f 20
g y-gencatlg
942 ## - ADDED ENTRY ELEMENTS (KOHA)
Source of classification or shelving scheme
Koha item type Book
Holdings
Withdrawn status Lost status Source of classification or shelving scheme Damaged status Not for loan Collection code Permanent Location Current Location Shelving location Date acquired Total Checkouts Full call number Barcode Date last seen Price effective from Koha item type
            Central Library (CL) Central Library (CL) General Stacks 05/13/2016   303.48/2 HEB S3H-S-73 05/13/2016 05/13/2016 Book
© 2023 Central Library, National University of Sciences and Technology. All Rights Reserved.